Aspectos sociológicos del desarrollo económico.
| Main Author: | |
|---|---|
| Format: | Section = Libro |
| Language: | Undetermined Spanish |
| Published: |
España
Hispano Europea
1962
|
| Subjects: |
| LEADER | 00450nam a2200169Ia 4500 | ||
|---|---|---|---|
| 008 | 240830s9999 xx 000 0 und d | ||
| 040 | |a B-ESTELÍ- RUACS / 338.9 H825 | ||
| 041 | |a spa | ||
| 082 | |a 338.9 H825 | ||
| 100 | 1 | |a Hoselitz, Bert F. | |
| 245 | 1 | 0 | |a Aspectos sociológicos del desarrollo económico. |
| 260 | |a España |b Hispano Europea |c 1962 | ||
| 300 | |a 235 p | ||
| 650 | 7 | |a DESARROLLO-ECONOMICO | |
| 942 | |c BK |2 ddc | ||
| 991 | |a TEXTO | ||
| 999 | |c 10791 | ||